Conflicting agents : conflict management in multi-agent systems

Αποθηκεύτηκε σε:
Λεπτομέρειες βιβλιογραφικής εγγραφής
Άλλοι συγγραφείς: Tessier, Catherine (edtf), Chaudron, Laurent (Επιμελητής έκδοσης), Moller, Heinz Jorgen (Επιμελητής έκδοσης)
Μορφή: Βιβλίο
Γλώσσα:English
Δημοσίευση: Boston : Kluwer Academic, c2001.
Σειρά:Multiagent systems, artificial societies, and simulated organizations
Θέματα:
Ετικέτες: Προσθήκη ετικέτας
Δεν υπάρχουν, Καταχωρήστε ετικέτα πρώτοι!

MARC

LEADER 00000cam a2200000 i 4500
001 1/20307
008 010731s2001 us ||| | eng||
020 |a 0792372107 
035 |l 10067105 
040 |a GR-MyUA  |b gre  |e AACR2 
041 0 |a eng 
082 0 |a 006.33  
245 1 0 |a Conflicting agents :   |b conflict management in multi-agent systems /   |c edited by Catherine Tessier, Laurent Chaudron, Heinz-Moller.  
260 |a Boston :   |b Kluwer Academic,   |c c2001.  
300 |a xiii, 335 σ. :   |b εικ. ;   |c 25 εκ.  
490 1 |a (Multiagent systems, artificial societies, and simulated organizations) 
504 |a Περιέχει βιβλιογραφικές αναφορές (σ. [303]-332) και ευρετήριο.  
650 0 0 |a Intelligent agents (Computer software) 
700 1 |a Tessier, Catherine,  |e edtf 
700 1 |a Chaudron, Laurent,  |e edt 
700 1 |a Moller, Heinz Jorgen,  |e edt 
830 0 |a Multiagent systems, artificial societies, and simulated organizations 
852 |a INST  |b SAMOS  |e 20010731  |h 006.33 CON  |p 005300020578  |q 005300020578  |t BK  |y 0 
901 |a BIBL3-2001-2 
909 |a Σ  |b 087120 
922 |a 3ΕΛΗ  |b 200008  |c ΤΠΕΣ/ΠΟΛ  |d LEADER 
970 |a ΜΑΛΑΓΑΡΗ  |b ΦΩΤΕΙΝΗ  |z 2001/07/31